000 01061nam a2200337 i 4500
999 _c65228
_d65228
001 768714001
003 CO-MdFUSB
005 20190923093710.0
008 190917r2013 ck |||| |||| 00| 0 spa d
020 _a9789585786219
040 _aCO-MdFUSB
_bspa
_cCO-MdFUSB
_dCO-MdFUSBC
_erda
041 _aspa
082 _223
_a922.22
_bSA231
100 _aMontoya Upegui, Santa Laura.
_eautor
245 1 _aMi vida :
_bapartes de su autobiografía.
_c/ Santa Laura Montoya Upegui ; editor Enrique Cuéllar Cubides.
264 1 _aBogotá :
_bCuéllar Editores,
_c[2013]
264 4 _c© 2013
300 _a667 páginas
_c; 23 cm
336 _2rdacontent
_atexto
_btxt
337 _2rdamedia
_asin mediación
_bn
338 _2rdacarrier
_avolumen
_bnc
490 _aVidas Ejemplares.
563 _aRústico
600 0 _aMontoya Upegui, Santa Laura.
610 2 7 _aIglesia Católica
_xSantos
650 0 _91238
_aBiografías cristianas
653 _aAutobiografía
700 _92459
_aCuéllar Cubides, Enrique.
_eeditor
942 _cBK
945 _aJTF-925